[Event "Titled Tuesday intern op 16th Apr Late"]
[Site "Chess.com INT"]
[Date "2024.04.16"]
[Round "1"]
[White "Martinez Alcantara, Jose Eduardo"]
[Black "Mohammadi, Sina"]
[Result "1-0"]
[WhiteElo "2603"]
[BlackElo "1971"]
[PlyCount "59"]
[EventDate "2024.04.16"]
[EventType "swiss (blitz)"]
[EventRounds "11"]
[EventCountry "USA"]
[SourceTitle "CB17_2024"]
[SourceDate "2024.04.24"]
[SourceVersion "1"]
[SourceVersionDate "2024.04.24"]
[SourceQuality "1"]

1. e4 c5 2. Nf3 e6 3. c3 Nf6 4. Bd3 d5 5. e5 Nfd7 6. Bc2 Nc6 7. d4 cxd4 8. cxd4 Be7 9. Nc3 0-0 10. 0-0 f6 11. exf6 Nxf6 12. Re1 Bd6 13. a3 a6 14. Qd3 Ne7 15. Bg5 Ng6 16. h4 Rf7 17. Ne5 Nf8 18. Nxf7 Kxf7 19. Re3 Bd7 20. Rae1 Qc7 21. Rf3 Re8 22. h5 h6 23. Bxf6 gxf6 24. Qd2 Kg7 25. Ree3 Nh7 26. Bxh7 Kxh7 27. Rxf6 Bf4 28. Qd3+ Kh8 29. Rf3 Bg5 30. Rf7 1-0

[Event "Titled Tuesday intern op 23rd Jan Late"]
[Site "Chess.com INT"]
[Date "2024.01.23"]
[Round "1"]
[White "Duda, Jan Krzysztof"]
[Black "Mohammadi, Sina"]
[Result "1-0"]
[WhiteElo "2732"]
[BlackElo "1970"]
[PlyCount "97"]
[EventDate "2024.01.23"]
[EventType "swiss (blitz)"]
[EventRounds "11"]
[EventCountry "USA"]
[SourceTitle "CB05_2024"]
[SourceDate "2024.01.31"]
[SourceVersion "1"]
[SourceVersionDate "2024.01.31"]
[SourceQuality "1"]

1. d4 d5 2. e3 Nf6 3. Bd3 e6 4. f4 c5 5. c3 Nc6 6. Nf3 Be7 7. 0-0 0-0 8. Nbd2 b6 9. b3 a5 10. Qe2 a4 11. Rb1 axb3 12. axb3 Ra2 13. Rb2 Ra1 14. Rb1 Ra2 15. Bb2 Bb7 16. Ne5 Qa8 17. Ra1 Rxa1 18. Rxa1 Qc8 19. Ndf3 Qc7 20. Rc1 Ra8 21. c4 dxc4 22. bxc4 cxd4 23. exd4 Nb4 24. Bb1 Rd8 25. Ng5 Rf8 26. Nexf7 Rxf7 27. Qxe6 Bf8 28. Nxf7 Qxf7 29. Qxb6 Be4 30. d5 Nd3 31. Bxd3 Bxd3 32. Bxf6 gxf6 33. Qd4 Bf5 34. c5 Qa7 35. d6 Kg7 36. h3 h5 37. Kh2 h4 38. Rd1 Bd7 39. c6 Qxd4 40. Rxd4 Bxc6 41. d7 Bxd7 42. Rxd7+ Kg6 43. Rd5 Bh6 44. g3 hxg3+ 45. Kxg3 Bg7 46. Kg4 Bh6 47. f5+ Kh7 48. Rd7+ Bg7 49. Kh5 1-0

[Event "Titled Tuesday intern op 23rd Jan Late"]
[Site "Chess.com INT"]
[Date "2024.01.23"]
[Round "2"]
[White "Mohammadi, Sina"]
[Black "Rosenberg, Evan"]
[Result "0-1"]
[WhiteElo "1970"]
[BlackElo "1932"]
[PlyCount "70"]
[EventDate "2024.01.23"]
[EventType "swiss (blitz)"]
[EventRounds "11"]
[EventCountry "USA"]
[SourceTitle "CB05_2024"]
[SourceDate "2024.01.31"]
[SourceVersion "1"]
[SourceVersionDate "2024.01.31"]
[SourceQuality "1"]

1. e4 g6 2. d4 Bg7 3. Nf3 d6 4. Be3 a6 5. Nbd2 b6 6. Bd3 Bb7 7. 0-0 Nd7 8. Re1 e6 9. c3 Ne7 10. Rc1 h6 11. Nf1 0-0 12. Qd2 Kh7 13. h4 Nf6 14. Ng3 Ng4 15. h5 Nxe3 16. hxg6+ fxg6 17. Qxe3 e5 18. dxe5 dxe5 19. Rcd1 Qe8 20. Bc4 Rf4 21. Rd2 Bc6 22. Red1 Qf8 23. Bd5 Bxd5 24. exd5 Nf5 25. Nxf5 Qxf5 26. d6 cxd6 27. Rxd6 Rf8 28. Rxb6 Qg4 29. Kf1 Rxf3 30. gxf3 Rxf3 31. Qc5 Rh3 32. Qd5 e4 33. Ke1 Rh1+ 34. Kd2 Rxd1+ 35. Ke3 Rxd5 0-1

[Event "Pan American Intercollegiate-chT"]
[Site "Chess.com INT"]
[Date "2021.01.06"]
[Round "8"]
[White "Preotu, Razvan"]
[Black "Mohammadi, Sina"]
[Result "1-0"]
[WhiteElo "2487"]
[BlackElo "1807"]
[PlyCount "121"]
[EventDate "2021.01.04"]
[EventType "team-swiss (rapid)"]
[EventRounds "9"]
[EventCountry "USA"]
[SourceTitle "CBM 200 Extra"]
[Source "ChessBase"]
[SourceDate "2021.03.31"]
[SourceVersion "1"]
[SourceVersionDate "2021.03.31"]
[SourceQuality "1"]
[WhiteTeam "Texas Dallas Univ"]
[BlackTeam "Stanford"]
[WhiteTeamCountry "USA"]
[BlackTeamCountry "USA"]

1. e4 c5 2. Nf3 e6 3. c3 d5 4. exd5 Qxd5 5. d4 Nf6 6. Na3 cxd4 7. Nb5 Na6 8. Nbxd4 Be7 9. Bb5+ Bd7 10. Bxd7+ Qxd7 11. Ne5 Qd5 12. Qa4+ Nd7 13. Nxd7 Qxd7 14. Qxd7+ Kxd7 15. Be3 Rhd8 16. 0-0-0 Ke8 17. Nb5 b6 18. Rxd8+ Bxd8 19. Rd1 Nc7 20. Nd6+ Kf8 21. c4 Be7 22. Bf4 Ne8 23. Nb5 a6 24. Nc3 Rc8 25. Be3 b5 26. cxb5 axb5 27. Kb1 b4 28. Nb5 Nf6 29. Na7 Rc7 30. Rc1 Rxc1+ 31. Kxc1 Nd5 32. Bd4 g6 33. Nc6 Bd6 34. g3 Ke8 35. Kd2 Kd7 36. Ne5+ Ke7 37. Nd3 Kd7 38. Kc2 Kc6 39. Kb3 Kb5 40. a4+ bxa3 41. bxa3 Nb6 42. Nb2 Kc6 43. a4 e5 44. Bxb6 Kxb6 45. Nc4+ Kc5 46. Nxd6 Kxd6 47. Kc4 Kc6 48. g4 f5 49. gxf5 gxf5 50. h4 h5 51. a5 e4 52. Kd4 Kb5 53. Ke5 Kxa5 54. Kxf5 Kb5 55. Kxe4 Kc6 56. Ke5 Kd7 57. Kf6 Ke8 58. f4 Kf8 59. f5 Kg8 60. Ke7 Kg7 61. f6+ 1-0

[Event "Southwest op 85th"]
[Site "Irving"]
[Date "2019.08.30"]
[Round "2"]
[White "Arribas Lopez, Angel"]
[Black "Mohammadi, Sina"]
[Result "1-0"]
[WhiteElo "2436"]
[BlackElo "1791"]
[PlyCount "107"]
[EventDate "2019.08.29"]
[EventType "swiss"]
[EventRounds "9"]
[EventCountry "USA"]
[SourceTitle "EXT 2020"]
[Source "ChessBase"]
[SourceDate "2019.10.17"]
[SourceVersion "1"]
[SourceVersionDate "2019.10.17"]
[SourceQuality "1"]

1. e4 c5 2. Nc3 Nc6 3. Bb5 Nd4 4. Nf3 g6 5. Nxd4 cxd4 6. Ne2 Bg7 7. 0-0 a6 8. Ba4 b5 9. Bb3 Bb7 10. d3 d6 11. Qe1 e6 12. a4 Ne7 13. axb5 axb5 14. Rxa8 Bxa8 15. Qb4 Qb6 16. Bf4 e5 17. Ra1 Qb8 18. Bg5 Nc6 19. Qa3 Bb7 20. Bd5 h6 21. Bd2 0-0 22. f4 Qc7 23. Rf1 Ra8 24. Qb3 Nd8 25. f5 Bxd5 26. Qxd5 Qc6 27. fxg6 Qxd5 28. exd5 fxg6 29. Ng3 Nf7 30. Ne4 Ra2 31. Rb1 Bf8 32. c4 bxc4 33. dxc4 Be7 34. b4 Rc2 35. Rc1 Rxc1+ 36. Bxc1 Kf8 37. c5 Bd8 38. Kf2 Ke7 39. c6 Bb6 40. Ke2 Kd8 41. Kd3 Kc7 42. Kc4 Ba7 43. Kb5 Bb6 44. Bd2 Ba7 45. Ka6 Bb6 46. Nf6 e4 47. Ne8+ Kc8 48. Kxb6 e3 49. Bc1 e2 50. Bd2 g5 51. g4 d3 52. c7 h5 53. h3 h4 54. b5 1-0

[Event "Austin-San Antonio Shootout 5th"]
[Site "San Antonio"]
[Date "2016.08.27"]
[Round "2"]
[White "Mohammadi, Sina"]
[Black "Corrigan, Michael"]
[Result "1/2-1/2"]
[WhiteElo "1897"]
[BlackElo "1913"]
[PlyCount "55"]
[EventDate "2016.08.27"]
[EventType "team-match"]
[EventRounds "2"]
[EventCountry "USA"]
[SourceTitle "EXT 2019"]
[Source "ChessBase"]
[SourceDate "2018.10.10"]
[SourceVersion "1"]
[SourceVersionDate "2018.10.10"]
[SourceQuality "1"]

1. d4 c5 2. d5 e5 3. e4 d6 4. Bd3 g6 5. Ne2 Bg7 6. 0-0 Ne7 7. Be3 f5 8. f3 f4 9. Bf2 g5 10. Nd2 Ng6 11. g4 h5 12. h3 a6 13. a4 Nd7 14. Kg2 Nf6 15. Nc3 Bd7 16. a5 Qe7 17. Qe2 hxg4 18. hxg4 Nh4+ 19. Bxh4 Rxh4 20. Rh1 Nxg4 21. fxg4 Bxg4 22. Qf2 0-0-0 23. Rxh4 gxh4 24. Be2 Bxe2 25. Nxe2 Rg8 26. Kh1 Bh6 27. Rg1 Rg3 28. Nf1 1/2-1/2